000 00480nmm a2200181Ia 4500
008 251105s9999||||xx |||||||||||||||||und||
020 _a9788415130161
041 _aspa
100 _aBenson, E.F.
245 0 _aReina Lucía
264 _a[Madrid, España] :
_bImpedimenta,
_c2013
300 _a352 páginas
650 _aEnglish Narrative
700 _aBenson, E.F.
700 1 _a C. Vales, José
856 _uhttps://public.digitaliapublishing.com/a/33866
942 _cCF
999 _c62742
_d62742